000 00232nam a2200097Ia 4500
005 20251222114354.0
008 251222s1900||||xx |||||||||||||| ||spa||
082 _aDVD0070/A38/2005
245 0 _aGolpe bajo:The Longest Yard
942 _cDVD
999 _c1358
_d1358